000 01358nam a22003737a 4500
003 CHAP
005 20220329143340.0
008 081027s2007 mx a r 00010 spa d
010 _a95316
011 _a96288
035 _a106935
040 _cCHAP
090 _aTesis
100 1 _aRobles Cantú, Norma.
_998065
245 1 0 _aFertilización foliar a base de calcio, magnesio y otros elementos menores en jitomate
_c/por Norma Robles Cantú
260 _aCocula, Gro.
_bEl autor,
_c2007
300 _axv, 60 h. :
_bcuadros, gráfs., ilus.
502 _aTesis (Ing. Agr. Fitotecnista) -- Colegio Suprior Agropecuario del Estado de Guerrero. Centro de estudios Profesionales
590 _aALEPH
_b10
_c20130110
_lUCH01
_h1525
590 _aBATCH-UPD
_b10
_c20130110
_lUCH01
_h0628
590 _aBATCH-UPD
_b10
_c20130410
_lUCH01
_h0311
590 _aBATCH-UPD
_b10
_c20130914
_lUCH01
_h1402
590 _aCONVERSION
_b10
_c20130109
_lUCH01
_h1353
650 1 4 _aFertilizantes
_xEfecto en tomate.
_940556
650 1 4 _aParcelas experimentales.
_985485
650 1 4 _aTomate
_xGenética.
_9113726
650 1 4 _aTomate
_xGuerrero.
_9113730
650 1 4 _aTomate
_xRendimiento.
_9113761
650 1 4 _aTomate
_xVariedades.
_9113777
901 _aBK
905 _aluisgm
942 _cTESIS
949 _aTesis
_bBC
_cTES
_d33724002066462
_eTS1
_gDonaciØn
_h48420
_i106935
_sb
999 _c95316
_d95316